000
00323nam a22001457a 4500
008
221021b ||||| |||| 00| 0 eng d
020
_a
9780393973525
041
_a
eng
080
_2
eighth edition
_a
781
082
_a
781 FOR
100
_a
21.1
101
_a
MUZIK
245
_a
STUDY GUIDE
_c
FORNEY K
942
_2
udc
_c
BK
999
_c
58636
_d
58636